100 pytań o Polsce - Statystyki

Ogólne statystyki
  • Ten quiz został rozwiązany 552 razy
    83 od ostatniego zresetowania
  • Średni wynik to 45 z 103
Statystyki odpowiedzi
Numer pytania Pytanie Odpowiedź % Poprawnych
1 Jaka jest stolica Polski? Warszawa
98%
2 Jakie jest drugie największe miasto? (wg. ludności) Kraków
97%
3 Jakie jest trzecie największe miasto? (wg. ludności) Wrocław
92%
15 W którym roku był Chrzest Polski? 966
76%
9 Kto jest prezydentem Polski? Karol Nawrocki
76%
7 Ile ich ma? 16
75%
10 Kto jest premierem Polski? Donald Tusk
75%
16 Kto był pierwszym królem Polski? Bolesław Chrobry
73%
6 Na jakie jednostki administracyjne najwyższego stopnia podzielona jest Polska? Województwa
73%
8 Jakie miasto było przemianowane przez Niemców na Danzig oraz było wolnym miastem? Gdańsk
71%
25 Jakie państwo zaatakowało Polskę rozpoczynając II wojnę Światową? III Rzesza
71%
13 Jaki był jedyny polski papież? Jan Paweł II
71%
14 Kto był pierwszym władcą Polski? Mieszko I
71%
4 Wymień wszystkich sąsiadów Polski zgodnie z ruchem wskazówek zegara zaczynając od północy Rosja, Litwa, Białoruś, Ukraina, Słowacja, Czechy, Niemcy
71%
19 Jak miał na imię najważniejszy polski kompozytor i pianista? Fryderyk Chopin
69%
28 Kto jest kapitanem reprezentacji Polski? Robert Lewandowski
69%
45 Jaka jest najdłuższa rzeka Polski Wisła
69%
32 Jaka jest waluta Polski? Złoty
69%
20 Jak miała na imię polska fizyczka, która odkryła polon i rad? Maria Skłodowska-Curie
68%
11 Kto był premierem Polski przed powyższym? Mateusz Morawiecki
68%
26 Jak miał na imię polski astronom, twórca heliocentrycznej teorii Układu Słonecznego? Mikołaj Kopernik
68%
46 Jaka jest druga najdłuższa rzeka? Odra
68%
43 Jaki jest najwyższy szczyt w Polsce Rysy
68%
31 Jak miał na imię prezydent Polski w latach 2005-2010, który w 2010 zginął w katastrofie lotniczej w Smoleńsku? Lech Kaczyński
66%
44 Jakie morze graniczy z Polską? Morze Bałtyckie
66%
27 Skrót Polskiego Związku Piłki Nożnej PZPN
66%
49 Z jakim państwem Polska zawiązała unię personalną w 1385? Wielkie Księstwo Litewskie
64%
53 Jak się nazywają wyroby z ciasta z farszem, np. z kapustą i grzybami czy serem? Pierogi
63%
66 Kto był autorem "Dziadów" i "Pana Tadeusza"? Adam Mickiewicz
61%
12 Jaka jest domena internetowa Polski? pl
61%
47 Jaka jest trzecia najdłuższa rzeka? Warta
61%
18 Podaj dzień, miesiąc i rok odzyskania niepodległości 11 listopada 1918
59%
21 Jak się nazywa ogólnopolski związek zawodowy powstały w 1980 roku, który sprzeciwiał się komunistom? Solidarność
59%
30 Kto był ostatnim królem Polski? Stanisław August Poniatowski
59%
52 Jak ma na imię legendarny polski skoczek narciarski? Adam Małysz
58%
68 Jak się nazywa hymn Polski? Mazurek Dąbrowskiego
58%
41 Podaj rok uchwalenia konstytucji 3 maja 1791
56%
34 Jak się nazywa potrawa z kapusty, mięsa różnych rodzajów i grzybów? Bigos
56%
17 Kto był drugim królem Polski? Mieszko II
56%
22 Kto założył powyższy związek? Lech Wałęsa
54%
54 Jak się nazywa twardy, wędzony ser, przygotowywany z mleka owczego? Oscypek
54%
42 Jakie jest największe pasmo górskie w Polsce, będące częścią innego pasma górskiego? Tatry
54%
82 Jaki jest język urzędowy? Polski
53%
55 Jaki jest symbol Torunia? Pierniki
51%
98 Ile lat Polska była pod zaborami? 123
49%
67 Kto napisał "Quo Vadis" i był laureatem nagrody nobla? Henryk Sienkiewicz
49%
57 Obrady czego odbyły się w 1989 roku? Okrągłego stołu
49%
76 Do jakiej organizacji dołączyła Polska w 2004 roku Unia Europejska
47%
23 Ludność Polski w 1921 roku (w mln) 27
46%
48 Jakie jest najgłębsze jezioro? Hańcza
46%
77 Jaka jest pełna nazwa Polski? Rzeczpospolita Polska
46%
93 Jaki region jest nazywany "Krainą tysiąca jezior"? Mazury
44%
29 Bydło, które wymarło w 1627 roku podobne do byka Tur
44%
75 Do jakiej organizacji dołączyła Polska w 1999 roku? NATO
41%
80 Rozwiń skrót PRL Polska Rzeczpospolita Ludowa
41%
84 Jaka jest najbardziej ruchliwa droga? A4
37%
62 Jaki jest jedyny park narodowy w Polsce na liście UNESCO? Białowieski
37%
24 Jakie miasto leży w samym środku Polski? Piątek
37%
56 W jakim mieście miała miejsce pewna bitwa w 1683 roku, w której Polacy odegrali kluczową rolę, pokonując Osmanów? Wiedeń
37%
81 Jaka jest największa wyspa w Polsce Wolin
37%
90 Ludność Polski obecnie (w mln) 36
36%
100 Jak się nazywa najpopularniejszy niemiecki obóz koncentracyjny znajdujący się w Polsce? Auschwitz-Birkenau
36%
91 Z jakimi państwami graniczy Polska przez granicę morską? (nie licząc państw graniczących) Szwecja
36%
91 Z jakimi państwami graniczy Polska przez granicę morską? (nie licząc państw graniczących) Dania
34%
96 Jaki rodzaj oświetlenia został wynaleziony przez Polaka? Lampa naftowa
34%
87 Jaka jest obecna partia polityczna rządząca w Polsce? PO
34%
59 Jakie państwo zostało zaatakowane przez Polskę w 1968 roku wraz z innymi członkami Układu Warszawskiego? Czechosłowacja
31%
99 Jak się nazywa jedyna naturalna pustynia w Europie? Pustynia Błędowska
31%
79 Jaki był pierwszy i jedyny prezydent PRL? Wojciech Jaruzelski
31%
94 Jakie powstanie w 1863 roku było przeciwko Rosji? Powstanie Styczniowe
29%
78 Do jakiej organizacji polityczno-wojskowej należała Polska w latach 1955-1991? Układ Warszawski
29%
88 Kto znajduje się na banknocie 100 złotowym? Władysław Jagiełło
29%
63 Jak się nazywa najsłynniejszy i największy w Europie zamek krzyżacki? Zamek w Malborku
29%
35 Jak miał na imię Polski generał i bohater wojny o niepodległość USA? Kazimierz Pułaski
27%
89 Jaki jest aktualny marszałek sejmu? Włodzimierz Czarzasty
27%
97 Jak się nazywa wynalazca powyższego wynalazku? Ignacy Łukasiewicz
25%
5 Powierzchnia (w tyś) 322
24%
22 Kto założył powyższy związek? Anna Walentynowicz
24%
36 Jak się nazywa skrajny punkt północny? Jastrzębia Góra
24%
83 Jaka jest druga największa grupa etniczna? Ślązacy
24%
95 Jak się nazywa sposób wybierania władcy od 1572 r? Wolna elekcja
24%
60 W którym roku było rozbicie dzielnicowe Polski? 1138
22%
50 W jakim mieście została podpisana unia personalna z powyższym państwem? Krewo
22%
51 Jak się nazywają główne pasma górskie Polski? Sudety, Karpaty
22%
70 Jaka jest najmniej zaludniona jednostka podziału administracyjnego pierwszego stopnia? Opolskie
20%
61 Z jakim państwem walczyli Polacy w Bitwie pod Grunwaldem? Zakon Krzyżacki
20%
71 Jaka jest najbardziej zaludniona jednostka podziału administracyjnego pierwszego stopnia? Mazowieckie
19%
64 Kto napisał "Halkę"? Stanisław Moniuszko
19%
65 Jak ma na imię polska lekkoatletka, siedmiokrotna medalistka olimpijskich? Irena Szewińska
15%
86 Jak nazywa się najbardziej zaludniona aglomeracja? Konurbacja Górnośląska
15%
38 Jak się nazywa skrajny punkt wschodni? Zakole Bugu
14%
73 Jak się nazywa najbardziej wysunięty na wschód powiat? Hrubieszowski
12%
58 Jaka osoba podczas Zimnej Wojny była agentem wywiadu CIA? Ryszard Kukliński
12%
37 Jak się nazywa skrajny punkt południowy? Szczyt Opołonek
12%
39 Jak się nazywa skrajny punkt zachodni? Zakole Odry
12%
70 Jak się nazywa najbardziej wysunięty na południe powiat? Bieszczadzki
10%
85 Jak się nazywa druga największa góra? Mięguszowiecki Szczyt
10%
72 Jak się nazywa najbardziej wysunięty na północ powiat? Pucki
10%
33 Jaki polski biochemik odkrył pierwszą witaminę? Kazimierz Funk
8%
92 Jaka Nizina rozciąga się od północy do południa państwa? Nizina Środkowoeuropejska
7%
74 Jak się nazywa najbardziej wysunięty na zachód powiat? Gryfiński
5%
40 W jakiej wsi w Polsce językiem pomocniczym jest litewski? Puńsk
3%
69 Podaj dzień, miesiąc i rok uchwalenia Konstytucji Rzeczypospolitej Polski 2 kwiecień 1997
2%
Nie znaleziono quizów pasujących do podanych kryteriów
Rozkład punktacji
Procent ludzi z każdym wynikiem
Percentyl według liczby udzielonych odpowiedzi
Twoja historia wyników
Nie rozwiązałeś tego quizu od ostatniego zresetowania